Catálogo
 En Linea

Fiesta de la manada. / (Registro nro. 45305)

Detalles MARC
000 -CABECERA
campo de control de longitud fija 00466nam a2200145 a 4500
001 - NÚMERO DE CONTROL
campo de control 000045816
005 - FECHA Y HORA DE LA ÚLTIMA TRANSACCIÓN
campo de control 20201002052448.0
008 - DATOS DE LONGITUD FIJA--INFORMACIÓN GENERAL
campo de control de longitud fija 150515s200u dr 000 0 spa d
040 ## - FUENTE DE LA CATALOGACIÓN
Centro catalogador/agencia de origen DO-SdBNP
Lengua de catalogación spa
Centro/agencia transcriptor BNPHU
100 1# - ENTRADA PRINCIPAL--NOMBRE DE PERSONA
Nombre de persona Ramírez, Reina Lissette
9 (RLIN) 73895
245 10 - MENCIÓN DE TÍTULO
Título Fiesta de la manada. /
Mención de responsabilidad, etc. Reina Lissette Ramírez.
260 ## - PUBLICACIÓN, DISTRIBUCIÓN, ETC.
Lugar de publicación, distribución, etc. [Santo Domingo], :
Nombre del editor, distribuidor, etc. [s.d.],
Fecha de publicación, distribución, etc. [200-].
300 ## - DESCRIPCIÓN FÍSICA
Extensión 72 p. ;
Dimensiones 22 cm.
590 ## - NOTA LOCAL (RLIN)
Nota local Perteneció a la biblioteca personal de Erick Landestoy
Existencias
Estado de retiro Estado de pérdida No para préstamo Código de colección Localización permanente Ubicación/localización actual Ubicación en estantería Fecha de adquisición Número de inventario Total de préstamos Signatura topográfica completa Código de barras Fecha visto por última vez Precio válido a partir de Tipo de ítem Koha Nota pública
    Excluido de préstamo Patrimonio Dominicano Patrimonio Dominicano Patrimonio Dominicano Depósito 15.05.2015 LF1   45816-10 25.06.2020 25.06.2020 Libro y Folleto Colección Patrimonio Dominicano Perteneció a la biblioteca personal de Erick Landestoy

Con tecnología Koha